000 00367nam a22001577a 4500
003 NUST - PNEC
005 20170116181035.0
008 150919b xxu||||| |||| 00| 0 eng d
020 _a-
040 _cLIBRARY
082 _a620.00420285 AUT
245 _aAuto CAD release 10 : Reference manual
260 _c-
650 _911366
_aAuto CAD
_xME
942 _2ddc
_cBK
999 _c67918
_d67918